000
00265nam a2200097Ia 4500
001
1206956
005
20251013115458.0
008
250824s9999 xx 000 0 und d
245
0
_a
FAZLI NECİB DEHŞETLER İÇİNDE
_c
BEDİA KOÇAKOĞLU
260
_b
PALET YAYINLARI
999
_c
1206956
_d
1206956